000 01238nam a2200205 a 4500
008 190917t2014 sp |||g |||| 001 0 spa d
020 _a9788499188638
041 _aspa
092 _c808
_l10
_sCAS
100 1 _aCass, Kiera
_94307
245 3 _aLa elegida.
_bSolo una chica se llevará la corona /
_cKiera Cass
250 _a1a ed.
_bTraducción Jorge Rizzo
260 _aBarcelona:
_bRoca editorial;
_c2014.
300 _a255 p.
500 _aCass, K. (2014). La elegida. (1a ed.). Barcelona : Roca editorial.
505 _aLa situación en el palacio es cada vez más peligrosa. Los rebeldes atacan tanto por el norte como por el sur y América, las chicas que siguen en la selección y Maxon se encuentran en verdadero peligro. Mientras todo esto sucede, la disyuntiva en la que se encuentra América tampoco es mucho mejor: elegir entre su primer amor, Aspen, y el príncipe Maxon, quien poco a poco ha ido conquistándola. Eso sin tener en cuenta también que el príncipe debe escogerla a ella de entre las seis seleccionadas que podrían convertirse en su esposa y que aún permanecen en palacio.
590 _a Proyecto 4to libro, Donación Maria Vitarelli, Diciembre 2017
655 _aLiteratura
_92917
942 _2ddc
_cLIT
999 _c3258
_d3258